| 000 | 00000cas 2200000zi 4500 |
| 001 | 9.507959 |
| 003 | CaOODSP |
| 005 | 20260212155614 |
| 006 | m o d f |
| 007 | cr cn |||||||| |
| 008 | 150406c20119999oncar p o f0 a0eng|d |
| 022 | |a2818-1557 |
| 040 | |aCaOODSP|beng|erda|cCaOODSP |
| 043 | |an-cn--- |
| 086 | 1 |aCP1-8E-PDF |
| 110 | 1 |aCanada. |bPrivy Council Office, |eauthor, |eissuing body. |
| 222 | 0|aAnnual report to Parliament on the Access to Information Act |b(Canada. Privy Council Office) |
| 245 | 10|aAnnual report to Parliament on the Access to Information Act / |cPrivy Council Office. |
| 264 | 1|aOttawa, Ontario : |bGovernment of Canada, Privy Council Office = Gouvernement du Canada, Bureau du Conseil privé |
| 310 | |aAnnual |
| 336 | |atext|btxt|2rdacontent |
| 337 | |acomputer|bc|2rdamedia |
| 338 | |aonline resource|bcr|2rdacarrier |
| 362 | 1 |aBegan with 2010/2011? |
| 500 | |aIssued also in French under title: Rapport annuel au Parlement concernant la Loi sur l'accès à l'information. |
| 515 | |aReport year ends March 31. |
| 588 | |aDescription based on: 2010/2011. |
| 588 | |aLatest issue consulted: 2022/2023. |
| 610 | 10|aCanada. |bPrivy Council Office|vPeriodicals. |
| 610 | 10|aCanada. |tAccess to Information Act|vPeriodicals. |
| 650 | 0|aGovernment information|zCanada|vPeriodicals. |
| 650 | 0|aFreedom of information|zCanada|vPeriodicals. |
| 655 | 7|aPeriodicals|2lcgft |
| 775 | 08|tRapport annuel au Parlement concernant la Loi sur l'accès à l'information / |w(CaOODSP)9.504336 |